000 00662nam a2200181 a 4500
001 BRCA_504
005 20190320203034.0
008 110408s2005----sp-a---###---#000-0#spa-#
020 _a8476093608
050 4 _aNK4605.5.S6
_b.C47 2005
245 1 0 _aCeràmica i pintura
_binterrelació entre les dues arts a l´època moderna.
260 _aBarcelona
_bMuseu de Ceràmica de l´Institut de Cultura de Barcelona : Adjuntament de Barcelona
_c2005
300 _a69 p.
_bil.
_c29 cm.
500 _aEn la cubierta: Curs de tardor 2004
650 1 4 _aCerámica
_xDecoración con pintura
_91731
650 1 4 _aCerámica
_xMotivos iconográficos
_zEspaña
_91732
942 _2lcc
_cB
999 _c437
_d437